| 000 | 00706nam a2200169 i 4500 | ||
|---|---|---|---|
| 001 | 175706 | ||
| 003 | ES-MaACL | ||
| 005 | 20230906215910.0 | ||
| 008 | 101118s1995 sp |||| | spa d | ||
| 100 | 1 |
_aLinage Conde, Antonio. _972322 |
|
| 245 | 1 | 0 |
_aFuneral en las Salesas / _cAntonio Linage Conde. |
| 260 |
_aCórdoba : _bReal Academia de Córdoba, de Ciencias, Bellas Letras y Nobles Artes, _c[1995] |
||
| 300 |
_a[2] p. ; _c24 cm. |
||
| 595 | _aSeparata de: Boletín de la Real Academia de Córdoba, de Ciencias, Bellas Letras y Nobles Artes, Año 66, n. 129, jul.-dic. 1995. | ||
| 710 | 2 |
_aReal Academia de Córdoba de Ciencias, Bellas Letras y Nobles Artes. _96302 |
|
| 852 |
_aES-MaACL _j2303-F-28 |
||
| 999 |
_c175706 _d175706 |
||